000 01145nam a22003497a 4500
001 2468390
003 OSt
005 20210421060142.0
008 900315s1990 nyuc 001 0 eng
010 _a 90005851
020 _a1557040605 :
040 _aeng
_cDLC
_deng
_beng
050 0 0 _aJX1963
_b.W713 1990
080 _a94
_bA-16
082 0 0 _a327.1/72
_220
245 0 4 _aThe Words of peace :
_bselections from the speeches of the winners of the Nobel Peace Prize /
_cselected and edited by Irwin Abrams ; foreword by Jimmy Carter.
250 _a1st ed.
260 _aNew York :
_bNewmarket Press,
_cc1990.
300 _a139 p. :
_bports ;
_c22 cm.
365 _b14.95 usd
500 _aIncludes index.
650 0 _aPeace.
650 0 _aHistory
_9252
650 0 _aPeace
_xAwards.
650 0 _aNobel Prizes.
650 0 _aNobel Prize winners.
653 _aისტორია
653 _aნობელის პრემიის გამარჯვებულთა მიმართვები
700 1 _aAbrams, Irwin,
_d1914-2010.
906 _a7
_bcbc
_corignew
_d1
_eocip
_f19
_gy-gencatlg
942 _2udc
_cBK
999 _c622
_d622